000
00309nam a2200121Ia 4500
008
150201s2010 xx 000 0 und d
082
_a
617.7
_b
M010P
100
_a
PANDA,ANITA
245
_a
TECHNIQUES OF MANNUAL SMALL INCESSION CAT. SURGERY
260
_b
CBS
_a
DELHI
_c
2010
650
_a
SURGERY
942
_2
ddc
_c
BK
999
_c
689
_d
689